00669 2200241 4500001002100000005001500021035002000036007000300056008004100059020002200100082001200122084001800134100001700152245008100169250001000250260003700260300003200297700002600329504003100355600001900386990001100405990001100416INLIS00000000000324620190418111254 a0010-0419000022ta190418 e 0 ind  a978-602-1243-23-7 a297.425 a297.425 FAH d0 aFAHRUR, Muis1 aDikejar Rezeki dari Sedekah /cFahrur Muis; penyunting, Farvin Sabilla Matin acet.5 aSolo :bTaqiya Publishing,c2018 a233 hlm. :bilus. ;c23 cm.0 aFARVIN, Sabilla Matin aBibliografi : hlm. 232-233 4aISLAM. SADAQOH a6760 a a6760 b